000 00661nam a2200217 a 4500
999 _c7480
_d7480
001 7480
003 BD-JhCC
005 20180210190604.0
008 180210b xxu||||| |||| 00| 0 eng d
035 _a(BD-JhCC) 7480
040 _aBD-JhCC
_dBD-JhCC
041 _aben
082 _a954.913
_bRAH 1966
100 _aরহমান, মীজানুর
245 _aরক্ত পিছল কাশ্মীর /
_c মীজানুর রহমান
260 _aঢাকা :
_bদিদার পাবলিশিং হাউস ,
_c1966
300 _a216 p .:
_c20 cm .
650 _aJamuna and kashmir
942 _2ddc
_cBK